Stella

Año 1977. Stella tiene once años y acaba de ingresar en un instituto de París. Su vida diaria transcurre en el bar que regentan sus padres: un refugio donde los obreros se entregan a la bebida, a las apuestas, al fútbol, y las veladas se alargan hasta el amanecer. Para ella, la vida escolar no es na...

Descripción completa

Guardado en:
Autor Principal: Verheyde, Sylvie.
Otros Autores: Barbara, Léora; reparto., Rodrigues, Mélissa; reparto., Biolay, Benjamín; reparto.
Formato: Deslizar
Idioma:Undetermined
Publicado: Francia : Les Films du Veyrier, 2008.
Series:Archivo fílmico pedagógico. Jóvenes y escuelas
Materias:
Etiquetas: Agregar Etiqueta
Sin Etiquetas, Sea el primero en etiquetar este registro!
LEADER 01664ngm a22002535a 4500
001 CEM.cems020945
008 240319s2008####xx#---############vlund#d
005 20240320203507.0
245 1 0 |a Stella  |h [videograbación] /  |c Sylvie Verheyde. 
260 |a Francia :  |b Les Films du Veyrier,  |c 2008. 
300 |a 99'. 
490 1 |a Archivo fílmico pedagógico. Jóvenes y escuelas 
520 |a Año 1977. Stella tiene once años y acaba de ingresar en un instituto de París. Su vida diaria transcurre en el bar que regentan sus padres: un refugio donde los obreros se entregan a la bebida, a las apuestas, al fútbol, y las veladas se alargan hasta el amanecer. Para ella, la vida escolar no es nada fácil, pues los estudios no son su fuerte. Además, las constantes humillaciones a las que se ve sometida por parte de profesores y compañeros despiertan sus instintos más violentos. Su única amiga en el instituto es la hija de unos intelectuales argentinos exiliados. Gracias a ella, Stella es capaz de vislumbrar una vida distinta a la que conoce. Ha llegado la hora de los descubrimientos: desde el primer amor a los peligros que acechan a una niña que está entrando en la adolescencia. 
590 |a Identificación anterior: 376 
538 |a Soporte: DVD 
500 |a Título original: Stella - Idioma original: Francés. Subtítulos en español. 
100 1 |a Verheyde, Sylvie. 
700 1 |a Barbara, Léora; reparto. 
700 1 |a Rodrigues, Mélissa; reparto. 
700 1 |a Biolay, Benjamín; reparto. 
653 |a LARGOMETRAJE 
653 |a FICCIÓN 
653 |a DRAMA 
859 |a CEMS  |b BIB. CEMS - Depto. Recursos Didacticos  |h 778.5  |i VER  |k DRD  |p 3313.24  |t Ej.1